| 000 | 00645nam a2200193 a 4500 | ||
|---|---|---|---|
| 001 | 2422 | ||
| 003 | CDMR | ||
| 005 | 20130625102656.0 | ||
| 008 | 130130s1996||||||||||||||||||||||||||||d | ||
| 020 | _a8488363834 | ||
| 040 |
_aCDMR _bcat _cCPC LLEIDA |
||
| 100 | 1 |
_aRamos Fernández, Luis Fernando _91699 |
|
| 245 | 1 | 3 |
_aLa ética de los periodistas _b: la elaboración del código deontológico : influencias y desarrollo històrico _cLuis Fernando Ramos Fernández |
| 260 |
_a[Pontevedera] _cDL 1996 _bDiputación de Pontevedra |
||
| 300 | _a194 p. | ||
| 650 | 0 | 4 |
_9983 _aÈtica periodística |
| 650 | 0 | 4 |
_9419 _aCodis deontològics |
| 942 |
_cMON _2udc |
||
| 999 |
_c2422 _d2422 |
||